000 01405nam a2200373 c 4500
999 _c161154
_d161154
003 BLK
005 20240731130353.0
008 180410b bul|||||r ||||||| ||bul||
010 _aKNG00168460000
040 _aBLK
041 _aBUL
_cBUL
072 7 _2bullib
_aК
_xКраезнание
072 7 _2bullib
_aЯ
_xАвтографи
080 _aБългарска литература
_b821.163.2
_x-32
_z821.163.2-32
100 _aСпасов, Павел Христов
_d1905-1980
_gБългарски писател, публицист, драматург. Роден в Русе
_9431378
139 _aСпасов, Павел Христов
_bС 55
245 1 0 _aПовест за похода на Конте Верде в България
_cПавел Христов Спасов.
257 _aBGR
260 _bИван Коюмджиев
_c1941
_fСофия : печ. Полиграфия
300 _a41 с.
_bс ил.
_c25 см
380 _aX
500 _a700 тир.
590 _aАвтограф за Тодор Дашков.
659 _aК
659 _aЯ
852 _aЦб 40926
852 _aК 821.163.2/С 55 П
856 4 _qpdf
856 4 _qpdf
942 _cKNG
_n0
_s1
944 _aCR
_c05.12.2014
_lКети Илиева
_k30550
944 _aED
_c05.12.2014
_l05.12.2014 - от С1,Р / 05.12.2014
999 _d161154